| 000 | 00759cam a22002172 4500 | ||
|---|---|---|---|
| 001 | 0000002928 | ||
| 005 | 20151217151908.0 | ||
| 008 | 070424s xx 000 0 eng d | ||
| 020 |
_a0815681127 : _cKES 1,356 |
||
| 040 |
_aKABU _cKABU |
||
| 050 | 0 |
_aHG177 _b.K73 1988 |
|
| 100 | 1 |
_aKrathwohl, David R. _@0000152437 |
|
| 245 | 1 | 0 |
_aHow to prepare a research proposal : _bguidelines for funding and dissertations in the social and behavioral science / _cDavid R. Krathwahl. |
| 250 | _a3rd ed. | ||
| 260 |
_aNew York : _bUniversity Press [distributor], _cc1988. |
||
| 300 |
_a302 p. ; _c25 cm. |
||
| 650 | 0 |
_aProposal writing in the social sciences. _@0000152438 |
|
| 908 | _a070424 | ||
| 950 | _@1 | ||
| 999 |
_c6113 _d6113 |
||